Building construction / (Record no. 1787)
[ view plain ]
| 000 -LEADER | |
|---|---|
| fixed length control field | 00419cam a2200169ua 4500 |
| 020 ## - INTERNATIONAL STANDARD BOOK NUMBER | |
| ISBN | 81-7008-053-3 |
| 020 ## - INTERNATIONAL STANDARD BOOK NUMBER | |
| ISBN | 9788131804285 |
| 082 ## - DEWEY DECIMAL CLASSIFICATION NUMBER | |
| Classification number | 690 |
| Item number | PUN/BU |
| 100 ## - MAIN ENTRY--AUTHOR NAME | |
| Personal name | Punmia, B C. |
| 245 ## - TITLE STATEMENT | |
| Title | Building construction / |
| 250 ## - EDITION STATEMENT | |
| Edition statement | 5 / 10 |
| 260 ## - PUBLICATION, DISTRIBUTION, ETC. (IMPRINT) | |
| Place of publication | New Delhi : |
| Name of publisher | Laxmi Publications , |
| Year of publication | 1995. |
| -- | 2008 |
| 300 ## - PHYSICAL DESCRIPTION | |
| Number of Pages | 846 : |
| Other physical details | ` ; . |
| 700 1# - ADDED ENTRY--PERSONAL NAME | |
| Personal name | Arun Kumar, Jain. |
| 700 1# - ADDED ENTRY--PERSONAL NAME | |
| Personal name | Ashok Kumar, Jain. |
| 942 ## - ADDED ENTRY ELEMENTS (KOHA) | |
| Koha item type | Books |
| Withdrawn status | Lost status | Damaged status | Home library | Current library | Date acquired | Full call number | Accession Number | Koha item type | Collection code | Shelving location | Source of acquisition | Cost, normal purchase price |
|---|---|---|---|---|---|---|---|---|---|---|---|---|
| KAUAET | KAUAET | 07/04/2012 | 690 | 19256 | Books | |||||||
| KAUAET | KAUAET | 07/04/2012 | 690 | 22007 | Books | |||||||
| KAUAET | KAUAET | 30/03/2013 | 690 PUN/BU | 24011 | Books | Non-fiction | General Stacks | Aman Book Stall, Calicut | 425.00 |
